MARC details
| 000 -CABECERA |
| campo de control de longitud fija |
00979nam a2200277 a 4500 |
| 001 - NÚMERO DE CONTROL |
| campo de control |
000040780 |
| 005 - FECHA Y HORA DE LA ÚLTIMA TRANSACCIÓN |
| campo de control |
20201002034355.0 |
| 008 - DATOS DE LONGITUD FIJA--INFORMACIÓN GENERAL |
| campo de control de longitud fija |
101202s2008 sp r 001 0 spa d |
| 020 ## - NÚMERO INTERNACIONAL ESTÁNDAR DEL LIBRO |
| Número Internacional Estándar del Libro |
9788481649659 |
| 040 ## - FUENTE DE LA CATALOGACIÓN |
| Centro catalogador/agencia de origen |
DO-SdBNP |
| Lengua de catalogación |
spa |
| Centro/agencia transcriptor |
BNPHU |
| 082 ## - NÚMERO DE LA CLASIFICACIÓN DECIMAL DEWEY |
| Número de clasificación |
972.81 |
| Número de documento/Ítem |
V986a, 1996 |
| 245 00 - MENCIÓN DE TÍTULO |
| Título |
Popol Vuh : |
| Resto del título |
relato maya del origen del mundo y de la vida / |
| Mención de responsabilidad, etc. |
introducción y notas de Miguel Rivera Dorado. |
| 260 ## - PUBLICACIÓN, DISTRIBUCIÓN, ETC. |
| Lugar de publicación, distribución, etc. |
Madrid : |
| Nombre del editor, distribuidor, etc. |
Trotta, |
| Fecha de publicación, distribución, etc. |
2008. |
| 300 ## - DESCRIPCIÓN FÍSICA |
| Extensión |
252 ; |
| Dimensiones |
23 cm. |
| 490 1# - MENCIÓN DE SERIE |
| Mención de serie |
Paradigmas |
| 500 ## - NOTA GENERAL |
| Nota general |
La biblioteca posee la segunda reimpresión del 2012 |
| 500 ## - NOTA GENERAL |
| Nota general |
Incluye índice analítico p: 239-246 |
| 500 ## - NOTA GENERAL |
| Nota general |
Incluye índice onomástico p: 247-252 |
| 504 ## - NOTA DE BIBLIOGRAFÍA, ETC. |
| Nota de bibliografía, etc. |
Bibliografía p: 233-237 |
| 650 #4 - PUNTO DE ACCESO ADICIONAL DE MATERIA--TÉRMINO DE MATERIA |
| Término de materia o nombre geográfico como elemento de entrada |
Mitologia maya |
| 9 (RLIN) |
28327 |
| 650 #4 - PUNTO DE ACCESO ADICIONAL DE MATERIA--TÉRMINO DE MATERIA |
| Término de materia o nombre geográfico como elemento de entrada |
Mayas |
| Subdivisión general |
Civilización |
| 9 (RLIN) |
67192 |
| 650 #4 - PUNTO DE ACCESO ADICIONAL DE MATERIA--TÉRMINO DE MATERIA |
| Término de materia o nombre geográfico como elemento de entrada |
Mitología y leyendas de guatemala |
| 9 (RLIN) |
67193 |
| 700 12 - PUNTO DE ACCESO ADICIONAL--NOMBRE DE PERSONA |
| Nombre de persona |
Rivera Dorado, Miguel |
| Término indicativo de función/relación |
intr. |
| 9 (RLIN) |
67194 |
| 830 #0 - PUNTO DE ACCESO ADICIONAL DE SERIE-TÍTULO UNIFORME |
| Título uniforme |
Paradigmas |
| 9 (RLIN) |
67195 |
| 910 ## - DATOS DE OPCIÓN DEL USUARIO (OCLC) |
| Datos de opción del usuario |
Validado. Control de calidad MFF |